000 00620nam a2200133Ia 4500
005 20260209120148.0
008 260209s9999||||xx |||||||||||||| ||und||
100 _aAashna Chaudhary
245 0 _aUnequal before the law : examining the extent of caste-based discrimination in the Indian criminal justice system and examining it within the rawlsian framework of social justice
260 _aBangaloreBangalore
_bNLSIU, Bangalore
_c2023 - 2024
300 _a36 p. ; 25 cm.
700 _aProf. Dr. Mrinal Satish - Supervisor Prof. Dr. Mrinal Satish - Supervisor
856 _uhttps://dans.nls.ac.in/handle/123456789/2080
999 _c217639
_d217639